<?xml version="1.0" encoding="UTF-8"?><?xml-stylesheet type="text/xsl" href="static/style.xsl"?><OAI-PMH xmlns="http://www.openarchives.org/OAI/2.0/" xmlns:xsi="http://www.w3.org/2001/XMLSchema-instance" xsi:schemaLocation="http://www.openarchives.org/OAI/2.0/ http://www.openarchives.org/OAI/2.0/OAI-PMH.xsd"><responseDate>2026-04-14T13:01:20Z</responseDate><request verb="GetRecord" identifier="oai:uvadoc.uva.es:10324/32550" metadataPrefix="marc">https://uvadoc.uva.es/oai/request</request><GetRecord><record><header><identifier>oai:uvadoc.uva.es:10324/32550</identifier><datestamp>2021-06-29T22:26:51Z</datestamp><setSpec>com_10324_38</setSpec><setSpec>col_10324_852</setSpec></header><metadata><record xmlns="http://www.loc.gov/MARC21/slim" xmlns:doc="http://www.lyncode.com/xoai" xmlns:xsi="http://www.w3.org/2001/XMLSchema-instance" xmlns:dcterms="http://purl.org/dc/terms/" xsi:schemaLocation="http://www.loc.gov/MARC21/slim http://www.loc.gov/standards/marcxml/schema/MARC21slim.xsd">
<leader>00925njm 22002777a 4500</leader>
<datafield tag="042" ind1=" " ind2=" ">
<subfield code="a">dc</subfield>
</datafield>
<datafield tag="720" ind1=" " ind2=" ">
<subfield code="a">Fernández Pérez, Alejandra del Carmen</subfield>
<subfield code="e">author</subfield>
</datafield>
<datafield tag="260" ind1=" " ind2=" ">
<subfield code="c">2018</subfield>
</datafield>
<datafield tag="520" ind1=" " ind2=" ">
<subfield code="a">La pobreza es un problema social muy presente en España a lo largo de su historia, pero se ha visto agravado con el inicio de la crisis económica en 2007. Más de trece millones de personas se encuentran en España en riesgo de pobreza, de los cuales casi dos millones son niños. La situación económica y laboral de los padres condiciona de manera importante el futuro de los menores, incrementando el riesgo de pobreza en la adultez en caso de haberla sufrido durante su infancia. Los datos sitúan a España a la cola de los países europeos respecto a tasas de pobreza y de pobreza infantil y la política social implantada en España para reducir dichas tasas está resultando ser muy ineficaz. Los hechos anteriores muestran un grave problema: millones de personas en España estarán en riesgo de pobreza si la política social continúa siendo ineficiente, debido a que la pobreza en la edad adulta está condicionada por haber atravesado dificultades económicas en la niñez y, actualmente, las tasas de pobreza infantil se mantienen en cifras muy altas.</subfield>
</datafield>
<datafield tag="024" ind2=" " ind1="8">
<subfield code="a">http://uvadoc.uva.es/handle/10324/32550</subfield>
</datafield>
<datafield tag="245" ind1="0" ind2="0">
<subfield code="a">La herencia de las situaciones de pobreza</subfield>
</datafield>
</record></metadata></record></GetRecord></OAI-PMH>